000 00330nam a22001457a 4500
003 OSt
005 20220218095725.0
008 220218b |||||||| |||| 00| 0 eng d
020 _a0324181485
040 _cHU
082 _a658.8072
100 _aZikmund
_930801
245 _aExploring Marketing Research
942 _2ddc
_cBOOKS
_n0
999 _c30751
_d30751